Mundo azul / (Registro nro. 3518)
[ vista simple ]
| 000 -LEADER | |
|---|---|
| fixed length control field | 01304nam a2200289Ia 4500 |
| 003 - CONTROL NUMBER IDENTIFIER | |
| control field | OSt |
| 005 - DATE AND TIME OF LATEST TRANSACTION | |
| control field | 20250711125702.0 |
| 008 - FIXED-LENGTH DATA ELEMENTS--GENERAL INFORMATION | |
| fixed length control field | 191128s1998 ck a br 000 f spa d |
| 020 ## - INTERNATIONAL STANDARD BOOK NUMBER | |
| International Standard Book Number | 9580445222 |
| 040 ## - CATALOGING SOURCE | |
| Original cataloging agency | CO-JMCR |
| Transcribing agency | CO-JMCR |
| 041 0# - LANGUAGE CODE | |
| Language code of text/sound track or separate title | spa |
| 082 04 - DEWEY DECIMAL CLASSIFICATION NUMBER | |
| Classification number | N |
| Item number | BARm |
| 100 1# - MAIN ENTRY--PERSONAL NAME | |
| Personal name | Barredo, José Eduardo, |
| Relator term | autor |
| 9 (RLIN) | 926 |
| 245 10 - TITLE STATEMENT | |
| Title | Mundo azul / |
| Statement of responsibility, etc. | José Eduardo Barredo ; ilustraciones de María Osorio |
| 260 ## - PUBLICATION, DISTRIBUTION, ETC. | |
| Place of publication, distribution, etc. | Barcelona ; Bogotá : |
| Name of publisher, distributor, etc. | Norma, |
| Date of publication, distribution, etc. | 1998 |
| 300 ## - PHYSICAL DESCRIPTION | |
| Extent | 284 páginas : |
| Other physical details | ilustraciones a blanco y negro ; |
| Dimensions | 19 cm. |
| 490 0# - SERIES STATEMENT | |
| Series statement | Torre de papel amarilla |
| 500 ## - GENERAL NOTE | |
| General note | Incluye datos biográficos del autor. |
| 520 ## - SUMMARY, ETC. | |
| Summary, etc. | En el siglo 24, Donna, Alan y Akiro son habitantes de un lejano planeta y tienen una misión específica: reconstruir la Tierra; ese planeta azul que los hombres se encargaron de destruir. Los jóvenes viven sorprendentes aventuras y descubren algo más sorprendente aún. |
| 521 ## - TARGET AUDIENCE NOTE | |
| Target audience note | a partir de 11 años |
| Source | Tapa posterior |
| 586 ## - AWARDS NOTE | |
| Awards note | Finalista del Concurso de Literatura Infantil y Juvenil Norma-Fundalectura en 1998 |
| 650 14 - SUBJECT ADDED ENTRY--TOPICAL TERM | |
| Topical term or geographic name entry element | Novela infantil cubana |
| 9 (RLIN) | 927 |
| 650 14 - SUBJECT ADDED ENTRY--TOPICAL TERM | |
| Topical term or geographic name entry element | Historia de aventuras en la Tierra |
| General subdivision | novela infantil |
| 9 (RLIN) | 928 |
| 650 14 - SUBJECT ADDED ENTRY--TOPICAL TERM | |
| Topical term or geographic name entry element | Planeta Tierra |
| General subdivision | novela infantil |
| 9 (RLIN) | 929 |
| 700 1# - ADDED ENTRY--PERSONAL NAME | |
| Personal name | Osorio, María, |
| Relator term | ilustradora |
| 9 (RLIN) | 930 |
| 942 ## - ADDED ENTRY ELEMENTS (KOHA) | |
| Source of classification or shelving scheme | Dewey Decimal Classification |
| Koha item type | Books |
| Withdrawn status | Lost status | Source of classification or shelving scheme | Materials specified (bound volume or other part) | Damaged status | Not for loan | Collection code | Home library | Current library | Shelving location | Date acquired | Source of acquisition | Cost, normal purchase price | Total Checkouts | Full call number | Barcode | Date last seen | Date last checked out | Copy number | Koha item type |
|---|---|---|---|---|---|---|---|---|---|---|---|---|---|---|---|---|---|---|---|
| Dewey Decimal Classification | Donación -- 06/06/2018 | Fiction | Biblioteca Pública José María del Castillo y Rada | Biblioteca Pública José María del Castillo y Rada | Children's Area | 06/06/2018 | Donación | 0.00 | 5 | N BARm | 201807377 | 03/31/2026 | 03/31/2026 | Ej.1 | Books |